|
|
|
|
| LEADER |
01472cam a2200289 a 4500 |
| 001 |
10030765 |
| 003 |
GR-PaULI |
| 005 |
20240724142326.0 |
| 008 |
991029s1997 us f 1 eng d |
| 020 |
|
|
|a 0847685772
|
| 020 |
|
|
|a 0847685764
|
| 040 |
|
|
|a GR-PaULI
|b eng
|c GR-PaULI
|d GR-AiPI
|e AACR2
|
| 082 |
0 |
4 |
|a 889
|2
|
| 082 |
0 |
4 |
|a 889.09
|2 23
|
| 245 |
1 |
0 |
|a Greek modernism and beyond :
|b essays in honor of Peter Bien /
|c edited by Dimitris Tziovas.
|
| 260 |
|
|
|a Lanham :
|b Rowman & Littlefield,
|c 1997.
|
| 300 |
|
|
|a 278 σ.. ;
|c 24 εκ.
|
| 490 |
1 |
|
|a Greek studies
|
| 504 |
|
|
|a Περιλαμβάνει βιβλιογραφία και ευρετήριο.
|
| 650 |
|
4 |
|a Νεοελληνική λογοτεχνία
|9 3155
|x Ιστορία και κριτική.
|
| 700 |
1 |
|
|a Τζόβας, Δημήτρης
|9 135806
|e επιμελητής.
|
| 830 |
|
0 |
|a Greek studies (Rowman & Littlefield)
|9 205145
|
| 942 |
|
|
|2 ddc
|c BK
|
| 952 |
|
|
|0 0
|1 0
|4 0
|6 889_000000000000000_TΖΙ
|7 0
|9 200148
|a LISP
|b LISP
|c BSC
|d 2016-04-24
|i 052054
|l 1
|o 889 TΖΙ
|p 025000067852
|r 2016-08-25 00:00:00
|s 2016-06-30
|t 1
|w 2016-04-24
|y BK15
|
| 952 |
|
|
|0 0
|1 0
|2 ddc
|4 0
|6 889_090000000000000_ΤΖΙ
|7 0
|9 236181
|a LISA
|b LISA
|c BSC
|d 2019-10-17
|i 1254
|l 0
|o 889.09 ΤΖΙ
|p 025000265601
|r 2019-10-17 00:00:00
|t 2
|w 2019-10-17
|y BK15
|
| 952 |
|
|
|0 0
|1 0
|2 ddc
|4 0
|6 889_000000000000000_ΤΖΟ
|7 0
|9 382375
|a LISP
|b LISP
|c DON
|d 2024-07-24
|e ΜΑΡ
|i 367426
|l 0
|o 889 ΤΖΟ
|p 025000312083
|r 2024-07-24 00:00:00
|t 3
|w 2024-07-24
|y BKN
|
| 999 |
|
|
|c 122658
|d 122658
|